000 00347pam a2200157a 44500
008 230515b1980 xxu||||| |||| 00| 0 eng d
020 _aNULL
041 _aENGLISH
082 _aN.D.
100 _aSchoums Series
245 _aProbability & Statistics
250 _a0
260 _aNULL
_bMcgraw Hill
_c1980
300 _a372
650 _aNULL
999 _c578313
_d578313